000 00804nam2a2200205 4500
001 RU\NLR\PER_A\002716610_000910
005 20250626150548.0
035 _a(NLR Aleph) 011908939
090 _a10924489
_c10924489
100 _a20190114d2018 |||y0rusy50 ca
101 0 _arus
102 _aRU
200 0 _a2018, № 3
210 _d2018
_aБ. м.
461 0 _1001RU\NLR\Per\549116
_12001#$aТеоретическая и прикладная экология$eобщественно-научный журнал$v2018, № 3
_91832370
_c[Киров
_d2007 -
_nб. и.]
_oобщественно-научный журнал
_tТеоретическая и прикладная экология
_x1995-4301
_v2018, № 3
852 _aNLR
_jП14/1151
942 _cISSUE
980 _aNB
980 _aRUSPER